Quizzes
Events
Quiz Creation
Community
Videos
Private Events
Remove Ads
Sign In
Join for FREE
Feedback
Dark Mode
Quiz Categories
Sports
Geography
Music
Movies
Television
Just For Fun
Miscellaneous
History
Literature
Language
Science
Gaming
Entertainment
Religion
Holiday
For Kids
Quiz Lab
Recent
Popular Today
Quiz Kudos Today
Editor Picks
Curator Picks
Quizzes by...
Day
Popularity
Type
Ratings
Length
Year
Community
Subscriptions
Recent Discussions
Orange Saloon
Badges
Playlists
Quests
Create
Leaderboards
Showdown
Live 5
Trivia Bingo
Activity
Puzzle Library
Sporcle Events
Private Events
Virtual Trivia
Globe League
Become a Host
Pub Owners
SporcleCon
Opinionation
Our Games
Videos
Blog
Mobile Apps
Partnerships
Remove Ads and Go Orange
Feedback
Entertainment
Celebrity
Famous
Musical
Broadway
Show
Quote
Comic Books
Anime
Superhero
DC Comics
Marvel
Cartoons
Animation
Entertainment
Celebrity
Famous
Musical
Broadway
Show
Quote
Comic Books
Anime
Superhero
DC Comics
Marvel
Cartoons
Animation
Random Quiz
Search Sporcle
×
Quiz Lab
Quiz Lab
Entertainment
Internet
Type in answers that appear in a list
Type in answers that appear in a list
Classic
Best Score? Go Orange.
Internet Key Terms Stats
Can you name the Internet Key Terms?
By
Jeppe97
10m
25 Questions
165 Plays
165 Plays
165 Plays
Comments
Comments
Give Quiz Kudos
Give Quiz Kudos
-
- Ratings
hide this ad
Replay
Link that replays current quiz
Next Quiz
Link to next quiz in quiz playlist
You Got
0%
They Got
Avg Score
61%
Avg Friend Score
Upgrade to see
Score Distribution
Jump to the score distribution portion of the page
Score
0/25
Timer
10:00
0
Plays Today
Questions
Answers
% Correct
portable document format
pdf
91.5%
internet service provider
isp
84.8%
local area network (e.g. within a building or University area)
lan
84.2%
wide area network
wan
79.4%
hyper text mark up language – the code for writing webpages
html
78.8%
text that can be clicked on and acts as a link
hyper-text
73.3%
virtual private network (a type of tunnel through the internet)
vpn
72.1%
a networks of networks
internet
71.5%
finding your way around a website, e.g. forward and back buttons
navigation
70.9%
a collection of webpages
website
70.9%
software for viewing webpages
browser
70.3%
computers linked together
network
67.3%
a list of pages or resources available on a website
menu
66.7%
Questions
Answers
% Correct
a computer that acts as a host on a network
server
65.5%
website that search webpages based on key terms
search engine
64.8%
part of html that make it valiable
tags
60%
cables that carry message as light pulses
fibre optic
53.9%
a display of your work in a digital format
e-portfolio
48.5%
applications that work inside your browser (e.g flash player)
plug-ins
46.7%
program used by search engines to find new webpages/
sites and index them
spider
44.8%
audio (mp3, wma) video (mpeg4, wmv)
media files
44.2%
internet connections faster than the old dial-
up of 56kbps
broaband
41.2%
the tag that creates links
href
39.4%
anything file or program that is compatible across different types of system/
computer.
Interoperability
30.9%
the use of + -
“” to reduce the number of results
refining search terms
27.9%
Quiz Playlist
Details
Report
Send in Message
Add To Playlist
Classic:
Type in answers that appear in a list
Last Updated: Feb 16, 2017
Quiz Scoreboard
CHALLENGE
Sign Up to Join the Scoreboard
Show All
Scores
Hide
Comments
May contain spoilers
Recently Published
9x9 Crossword: Cartoon Network
by jackfrog10
Miscellaneous
3m
College Basketball Coaching Resumes
by pancakes188
Sports
9m
Billboard Blitz: Fleetwood Mac
by CooCooCachoo
Music
15s
More to Explore
Quiz From the Vault
Featured Blog Post
Where Did the Easter Bunny Come From?
hide this ad
You Might Also Like...
Tags
Internet
Key
Key Terms
Term
Today's Top Quizzes in Entertainment
Browse Entertainment
hide this ad
Today's Top Quizzes in Internet
Browse Internet
Top Contributed Quizzes in Entertainment
1
7-to-1: DC Comics Villains
2
Marvel Characters Bunker
3
Eurovision 2023 Logic Puzzle
4
Dragon Ball Z: Goku's Fights in Order
5
Criteria Quickie: Cartoon Taxonomy II
6
Sorting Pictures: Villains
7
Kamen Rider Motifs
8
Mini Trivia Sudoku: Musicals
9
Fictional Villains Letter U Blitz
10
7-to-1: One Piece
Explore More
Trending Topics
Disney
Kpop
Harry Potter
Crossword
Anime
NBA
Marvel
Pokémon
The Office
Song
WWE
Soccer
Country
Puzzle
NFL
hide this ad
More By:
Jeppe97
Quiz
Plays
Rating
Category
Featured
Created
Internet Key Terms
165
2.25
Entertainment
Jun 22, 2011
Go to Creator's Profile
Score Distribution
Quiz Creator Spotlight
Jeppe97
Follow
Send a Message
Quizzes Created
-
Created Quiz Play Count
-
More By This Creator
Popular Quizzes Today
1
Find the US States - No Outlines Minefield
2
Find the Countries of Europe - No Outlines Minefield
3
The Countries of the World
4
Find the US States
5
Risky Map Clicking: Biggest States A-Z
6
US States
7
Popular People in 1961
8
Movies - When Are They Set?
More Entertainment Quizzes
Who's That With Jack Lemmon?
Curator's Pick
Trending Quizzes
Risky Map Clicking: Least Populous States A-Z
1-10 Letter G Words
1-10 Letter F Words
Risky Map Clicking: Next State Alphabetically
Adjectives in 80s TV Shows
Recently Updated
Leaping Animals
pecheneg
Reality TV Shows (A-Z)
bhenderson79
Rickey Henderson's Hall of Fame Teammates
pecheneg
Champions League XIs: Arsenal
pecheneg
Quick Pick: Celebrities in WWE's Hall of Fame
aduchscher
A-Z Keypad Blitz II
pecheneg
Multiple Oscar Actors
pecheneg
Mystery Phrase Blitz: Oscar 'Best Actors'
pecheneg
F. Scott Fitzgerald Novels
LTH
Pick 3 Villains
ddd62291
Trending Topics
Marvel
Disney
Harry Potter
Crossword
Anime
Kpop
NBA
The Office
Soccer
Song
Puzzle
NFL
Pokémon
WWE
Country
Your Account Isn't Verified!
In order to create a playlist on Sporcle, you need to verify the email address you used during registration. Go to your
Sporcle Settings
to finish the process.
Report this User
Report this user for behavior that violates our
Community Guidelines
.
Details:
Send Report
Go to the Sporcle.com Mobile Site →
Comments